| 000 | 00344nam a2200145Ia 4500 | ||
|---|---|---|---|
| 008 | 230312s9999||||xx |||||||||||||| ||und|| | ||
| 082 |
_a659.1 _bRUS |
||
| 100 | _aRussell, J Thomas | ||
| 245 | 0 | _aAdvertising Procedure | |
| 260 |
_bIrwin - McGraw Hill _c2002 |
||
| 300 | _a696 | ||
| 546 | _aEng. | ||
| 650 |
_aEngineering _vUsing Radio |
||
| 942 | _cBK | ||
| 999 |
_c85 _d85 |
||